[Event "6th ch-Cent SRB Int 2013"]
[Site "Paracin SRB"]
[Date "2013.07.05"]
[Round "1.4"]
[White "Gleizerov,E"]
[Black "Ratkovic,Miloj"]
[Result "1/2-1/2"]
[WhiteElo "2553"]
[BlackElo "2258"]

1.d4 Nf6 2.c4 e6 3.g3 Bb4+ 4.Bd2 Qe7 5.Bg2 O-O 6.Nf3 Bxd2+ 7.Qxd2 d6 8.Nc3 e5
9.O-O Re8 10.e4 Bg4 11.Nh4 exd4 12.Qxd4 Nc6 13.Qd2 Qd7 14.Rfe1 Ne5 15.b3 Bh3
16.Rad1 Bxg2 17.Kxg2 Ng6 18.Nxg6 hxg6 19.f3 Re5 20.Qf2 Qc6 21.Rc1 g5 22.Nd5 Nxd5
23.cxd5 Qd7 24.Rc4 c5 25.dxc6 bxc6 26.Rd1 d5 27.Rc2 Rae8 28.Rdd2 Qb7 29.exd5 cxd5
30.Qd4 Qa6 31.Rf2 Qa5 32.Qc5 Qa6 33.Rcd2 Qb7 34.Rd4 Qd7 35.Qc2 Qe6 36.Qc3 Re2
37.Rd2 Rxf2+ 38.Rxf2 g4 39.fxg4 Qxg4 40.Qf3 Qe6 41.Rd2 Rd8 42.Rd4 Rc8 43.Qd3 Qc6
44.a4 a5 45.h4 Re8 46.Qf3 Re5 47.Rf4 Qe6 48.Qd3 Re2+ 49.Kf3 Rb2 50.Rd4 Qb6
51.Rxd5 Rf2+ 52.Ke4 Qb4+ 53.Rd4 Qe7+ 54.Kd5 Qd7+ 55.Kc5 Rf5+ 56.Kb6 Rf6+
57.Kxa5 Qc7+ 58.Kb4 Qb7+ 59.Ka3 g6 60.Qc3 Qe7+ 61.Kb2 Kh7 62.Rd2 Rf1 63.Rc2 Qe4
64.Ka2 Rf3 65.Qc4 Qe5 66.g4 Rf4 67.Qc3 Qe6 68.a5 Rxg4 69.Rf2 Rxh4 70.Rf6 Ra4+
71.Kb2 Qe2+ 72.Kc1 Ra1+ 73.Qxa1 Qe1+ 74.Kb2 Qd2+ 75.Kb1 Qe1+  1/2-1/2

[Event "20th Abu Dhabi Masters 2013"]
[Site "Abu Dhabi UAE"]
[Date "2013.07.06"]
[Round "8.5"]
[White "Grigoryan,Av"]
[Black "El Gindy,E"]
[Result "1-0"]
[WhiteElo "2605"]
[BlackElo "2490"]

1.d4 Nf6 2.c4 e6 3.g3 Bb4+ 4.Bd2 c5 5.Bxb4 cxb4 6.Bg2 O-O 7.e4 d5 8.e5 Nfd7
9.Nd2 Nc6 10.Ngf3 Nb6 11.Rc1 Nxc4 12.Nxc4 dxc4 13.Rxc4 Qa5 14.Qb3 Qa6 15.Ng5 h6
16.Bxc6 hxg5 17.Be4 Bd7 18.Rxb4 Bc6 19.Bxc6 Qxc6 20.O-O b6 21.Qe3 Qd5 22.Qxg5 a5
23.Rxb6 Qxa2 24.Qe7 Rab8 25.Qa7 Ra8 26.Qb7 Rad8 27.Rd1 Qa4 28.b3 Qa2 29.Qf3 Qb2
30.Rb5 Rc8 31.Rc5 Rb8 32.Rc3 Rb5 33.Rdd3 Rd5 34.h4 a4 35.bxa4 Ra5 36.Qd1 Rfa8
37.Qb3 Qxb3 38.Rxb3 Rxa4 39.d5 exd5 40.Rxd5 Re4 41.Rb7 Rf8 42.Re7 Kh7 43.Kg2 Kg6
44.Rdd7 Re1 45.Kh3 Re4 46.f4 Re3  1-0

[Event "ch-BEL Open 2013"]
[Site "Antwerp BEL"]
[Date "2013.07.06"]
[Round "1.25"]
[White "Ghyselen,W"]
[Black "Pattyn,Luc"]
[Result "1-0"]
[WhiteElo "2103"]
[BlackElo "1721"]

1.d4 Nf6 2.c4 e6 3.g3 Bb4+ 4.Bd2 Qe7 5.Nf3 b6 6.Bg2 Bb7 7.O-O Bxd2 8.Qxd2 Ne4
9.Qc2 O-O 10.Ne1 d5 11.Nc3 Nxc3 12.Qxc3 Rc8 13.Rc1 Nd7 14.Qd2 Nf6 15.Nd3 Ne4
16.Qe3 Nf6 17.Rc2 Rab8 18.Rfc1 dxc4 19.Rxc4 Bxg2 20.Kxg2 b5 21.R4c2 h6 22.Qd2 Qd6
23.e3 b4 24.Rc4 a5 25.f3 Rb5 26.e4 e5 27.dxe5 Rxe5 28.Qc2 Nd5 29.exd5 Rxd5
30.Nf2 Rd2 31.Qf5 Rf8 32.R1c2 Rd5 33.Qf4 Qe6 34.Qxc7  1-0

[Event "41st TCh-GRE"]
[Site "Rio (Achaia) GRE"]
[Date "2013.07.06"]
[Round "6.3"]
[White "Koliopoulos,K"]
[Black "Iskos,A"]
[Result "0-1"]
[WhiteElo "2199"]
[BlackElo "2157"]

1.d4 Nf6 2.c4 e6 3.g3 Bb4+ 4.Bd2 Qe7 5.Bg2 Nc6 6.a3 Bxd2+ 7.Qxd2 d6 8.Nf3 e5
9.d5 Nb8 10.Nc3 O-O 11.O-O a5 12.b3 Nbd7 13.e4 Nc5 14.Qc2 Bd7 15.Nd2 c6 16.f4 Rfc8
17.fxe5 dxe5 18.Nf3 b5 19.dxc6 Bxc6 20.Nd5 Bxd5 21.exd5 bxc4 22.bxc4 Ncd7
23.Ng5 Qc5+ 24.Kh1 Qxc4 25.Qf5 Ra7 26.Rad1 h6 27.Nxf7 Kxf7 28.d6 Kg8 29.Qb1 Rb8
30.Qg6 e4 31.Rc1 Qe6 32.Rc7 Rxc7 33.dxc7 Rc8  0-1

[Event "Commonwealth & RSA Open"]
[Site "Port Elizabeth RSA"]
[Date "2013.07.10"]
[Round "7.1"]
[White "Gupta,Ab"]
[Black "Fedorchuk,S"]
[Result "1/2-1/2"]
[WhiteElo "2583"]
[BlackElo "2667"]

1.d4 Nf6 2.c4 e6 3.g3 Bb4+ 4.Bd2 Bxd2+ 5.Qxd2 d5 6.Bg2 c6 7.Nf3 Nbd7 8.Qc2 b6
9.Nbd2 Bb7 10.O-O O-O 11.e4 Nxe4 12.Nxe4 dxe4 13.Qxe4 Nf6 14.Qe3 Qc7 15.Ne5 c5
16.Bxb7 cxd4 17.Qxd4 Rad8 18.Qf4 Qxb7 19.Rfd1 Qa8 20.b4 a6 21.a4 h6 22.Rd4 Nh7
23.h4 f6 24.Ng6 e5 25.Rxd8 Rxd8 26.Qg4 Nf8 27.Ne7+ Kf7 28.Nf5 Ne6 29.Rd1 Kf8
30.Kh2 Rxd1 31.Qxd1 Qc6 32.Qd6+ Qxd6 33.Nxd6 a5 34.bxa5 bxa5 35.Nb7 Ke8 36.Nxa5 Nc5
37.Nc6 Nxa4 38.Nb4 Kd7 39.Nd5 h5  1/2-1/2

[Event "3rd SPAChess Open"]
[Site "Amsterdam NED"]
[Date "2013.07.11"]
[Round "6.22"]
[White "Harmsen,Michiel"]
[Black "Brink,B"]
[Result "0-1"]
[WhiteElo "2061"]
[BlackElo "2154"]

1.d4 Nf6 2.c4 e6 3.g3 Bb4+ 4.Bd2 Bxd2+ 5.Qxd2 d5 6.Bg2 O-O 7.Nf3 Qe7 8.O-O Rd8
9.Qc2 c5 10.cxd5 cxd4 11.dxe6 Bxe6 12.Nbd2 Nc6 13.Nb3 Rd5 14.Rfd1 Rc8 15.Qd2 Rcd8
16.Ng5 Re5 17.Nf3 Re4 18.Ng5 Bxb3 19.Nxe4 Nxe4 20.Bxe4 Bxd1 21.Bxc6 Bxe2
22.Bxb7 d3 23.Bc6 h6 24.b4 Qg5 25.f4 Qf6 26.Rc1 Rc8 27.b5 a6 28.Kf2 axb5
29.Qc3 Qd8 30.Ke3 Qb6+ 31.Qc5 Rxc6  0-1

[Event "ch-BEL Open 2013"]
[Site "Antwerp BEL"]
[Date "2013.07.12"]
[Round "7.17"]
[White "Goncalves,J2"]
[Black "Van Houtte,R"]
[Result "1/2-1/2"]
[WhiteElo "2078"]
[BlackElo "1902"]

1.d4 Nf6 2.c4 e6 3.g3 Bb4+ 4.Bd2 Be7 5.Bg2 d5 6.Nc3 O-O 7.Nf3 Nbd7 8.cxd5 exd5
9.O-O c6 10.Rc1 Re8 11.Bf4 Nf8 12.Qc2 Ng6 13.Be5 Bd6 14.Bxd6 Qxd6 15.e3 h5
16.h4 Bg4 17.Ng5 Rad8 18.Qb3 Re7 19.Rfe1 Rde8 20.e4 dxe4 21.Ncxe4 Nxe4 22.Rxe4 Be6
23.Nxe6 Rxe6 24.Rce1 Rxe4 25.Rxe4 Rxe4 26.Bxe4 b6 27.d5 cxd5 28.Bxd5 Qe7
29.Qf3 Ne5 30.Qxh5 g6 31.Qe2 Qd6 32.Bg2 Qd4 33.b3 Kg7 34.Qc2 Qa1+ 35.Kh2 Qd4
36.Qe2 Ng4+ 37.Kg1 Qa1+ 38.Bf1 Qd4  1/2-1/2

[Event "FSIM July 2013"]
[Site "Budapest HUN"]
[Date "2013.07.12"]
[Round "7.6"]
[White "Li Bo"]
[Black "Toth,Sar"]
[Result "1/2-1/2"]
[WhiteElo "2363"]
[BlackElo "2178"]

1.d4 Nf6 2.c4 e6 3.g3 Bb4+ 4.Bd2 Qe7 5.Bg2 Nc6 6.Nf3 Bxd2+ 7.Nbxd2 a5 8.O-O d6
9.Nb1 e5 10.d5 Nb8 11.Nc3 O-O 12.e4 Na6 13.Ne1 h5 14.Nd3 h4 15.Qd2 h3 16.Bf3 Nh7
17.Qe2 Ng5 18.Bg4 Qf6 19.f4 exf4 20.gxf4 Qd4+ 21.Nf2 Bxg4 22.Qxg4 Nxe4 23.Nxe4 f5
24.Qd1 Qxd1 25.Raxd1 fxe4 26.Nxe4 Rae8 27.Nc3 Nc5 28.Rf3 Re7 29.b3 Rf5 30.Kf2 Ne4+
31.Nxe4 Rxe4 32.Kg3 Re2 33.a3 g5 34.Kxh3 Rxf4 35.Rxf4 gxf4 36.Rd3 a4 37.bxa4 Rc2
38.Rd4 Rc3+ 39.Kg4 f3 40.Rf4 Rxa3 41.h4 f2 42.Rxf2 Rxa4 43.Rf4 c6 44.c5 Ra5
45.dxc6 Rxc5 46.cxb7 Rb5 47.Rd4 Rxb7 48.Rxd6 Kg7 49.Re6 Rb4+ 50.Kg5 Rb5+
51.Kf4 Rb4+ 52.Re4 Rxe4+ 53.Kxe4 Kg6 54.Kf4 Kh5 55.Kg3 Kh6 56.Kg4 Kg6 57.h5+ Kh7
58.Kg5 Kg7 59.h6+ Kg8 60.Kg6 Kh8  1/2-1/2

[Event "2nd Ideon Andron Open 2013"]
[Site "Anogia GRE"]
[Date "2013.07.16"]
[Round "8.1"]
[White "Halkias,S"]
[Black "Maiorov,N1"]
[Result "1/2-1/2"]
[WhiteElo "2565"]
[BlackElo "2538"]

1.d4 Nf6 2.c4 e6 3.g3 Bb4+ 4.Bd2 Be7 5.Bg2 d5 6.Nf3 O-O 7.O-O c6 8.Qc2 Nbd7
9.Rd1 b6 10.b3 a5 11.Nc3 Ba6 12.Bf4 Rc8 13.Qb2 Nh5 14.Bd2 b5 15.Ne5 Nhf6
16.Bf4 bxc4  1/2-1/2

[Event "Czech Open G1 Rapid 2013"]
[Site "Pardubice CZE"]
[Date "2013.07.17"]
[Round "1.64"]
[White "Praczukowski,Stanislaw"]
[Black "Cherepanov,V"]
[Result "0-1"]
[WhiteElo "1848"]
[BlackElo "2284"]

1.d4 Nf6 2.c4 e6 3.g3 Bb4+ 4.Bd2 Qe7 5.Bg2 O-O 6.Nc3 Nc6 7.Nf3 Bxc3 8.Bxc3 Ne4
9.Qc2 Nxc3 10.Qxc3 d6 11.d5 Nb8 12.O-O e5 13.h3 a5 14.c5 Bf5 15.Nh4 Bd7 16.cxd6 cxd6
17.Rfc1 g6 18.Nf3 a4 19.Qa3 Na6 20.Nd2 Bb5 21.Ne4 Rfd8 22.Nc3 Be8 23.Rc2 b5
24.b4 axb3 25.Qxb3 b4 26.Ne4 f5 27.Nd2 Rab8 28.Nc4 Nc5 29.Qe3 b3 30.Rb2 bxa2
31.Rxb8 Rxb8 32.Rxa2 Rb3 33.Qd2 Rb7 34.Ra8 Rd7 35.Qa2 Kg7 36.Nb6 Rd8 37.Ra7 Bd7
38.Nxd7 Rxd7 39.Rxd7 Qxd7 40.Qa8 Qe7 41.Qc6 e4 42.Bf1 Nd7 43.Qb7 e3 44.fxe3 Qxe3+
45.Kg2 Qe7 46.Qa7 Kf6 47.Qa1+ Qe5 48.Qxe5+ Kxe5 49.Kf3 Nf6 50.Bg2 Nxd5 51.e3 Nf6
52.Ke2 Ne4 53.Kf3 h5 54.h4 Kf6 55.Kf4 Nc5 56.Bd5 Nd3+ 57.Kf3 g5 58.hxg5+ Kxg5
59.e4 Ne5+ 60.Ke3 Ng4+ 61.Kf3 Nf6 62.Bc6 fxe4+ 63.Kg2 d5  0-1

[Event "28th Avoine Open"]
[Site "Avoine FRA"]
[Date "2013.07.20"]
[Round "1.15"]
[White "Stephan,V"]
[Black "Lemonnier,R"]
[Result "1-0"]
[WhiteElo "2337"]
[BlackElo "2073"]

1.d4 Nf6 2.c4 e6 3.g3 Bb4+ 4.Bd2 c5 5.Bxb4 cxb4 6.Bg2 O-O 7.e4 d6 8.Ne2 e5
9.a3 bxa3 10.Rxa3 Nc6 11.d5 Nb4 12.O-O a5 13.h3 b6 14.f4 Qc7 15.Nd2 Ba6 16.Rc3 Na2
17.Rcf3 Bxc4 18.Nxc4 Qxc4 19.fxe5 dxe5 20.Rxf6 gxf6 21.Qd2 Nb4 22.Rxf6 Kh8
23.Bf3 Rac8 24.Qh6 Nd3 25.Bg4 Qc2 26.Bxc8 Qxe2 27.Qxf8+  1-0

[Event "6th Paleochora Open"]
[Site "Paleochora GRE"]
[Date "2013.07.20"]
[Round "3.6"]
[White "Manigk,S"]
[Black "Maiorov,N1"]
[Result "0-1"]
[WhiteElo "2237"]
[BlackElo "2538"]

1.d4 Nf6 2.c4 e6 3.g3 Bb4+ 4.Bd2 Be7 5.Bg2 d5 6.Nf3 c6 7.Qc2 Nbd7 8.O-O O-O
9.Rd1 b6 10.b3 Ba6 11.a4 h6 12.a5 Qc8 13.e3 c5 14.Na3 Bb7 15.Qb2 dxc4 16.dxc5 cxb3
17.cxb6 axb6 18.axb6 Bd5 19.Nd4 Bxg2 20.Kxg2 Qb7+ 21.f3 Nc5 22.Nc4 Nd5 23.Nxb3 Na4
24.Rxa4 Rxa4 25.Nba5 Qa6 26.Qb3 Rxa5 27.Bxa5 Qxc4  0-1

[Event "8th Nana Aleksandria"]
[Site "Poti GEO"]
[Date "2013.07.20"]
[Round "9.9"]
[White "Nadirashvili,S"]
[Black "Allajov,R"]
[Result "1-0"]
[WhiteElo "2172"]
[BlackElo "2130"]

1.d4 Nf6 2.c4 e6 3.g3 Bb4+ 4.Bd2 a5 5.Nf3 O-O 6.a3 Bxd2+ 7.Qxd2 d5 8.Qc2 c5
9.dxc5 d4 10.Nbd2 Nc6 11.Bg2 Qe7 12.Rd1 e5 13.Ng5 h6 14.h4 Qxc5 15.Bd5 Ne7
16.Nde4 Nxe4 17.Qxe4 hxg5 18.hxg5 Re8 19.g6 Nxd5 20.Rh8+ Kxh8 21.gxf7 Bg4
22.Qh1+  1-0

[Event "36th Taminco Open"]
[Site "Ghent BEL"]
[Date "2013.07.21"]
[Round "3.1"]
[White "Sumets,A"]
[Black "De Herdt,Y"]
[Result "1/2-1/2"]
[WhiteElo "2583"]
[BlackElo "2143"]

1.d4 Nf6 2.c4 e6 3.g3 Bb4+ 4.Bd2 Qe7 5.Bg2 Nc6 6.e3 e5 7.d5 Bxd2+ 8.Qxd2 Nb8
9.Ne2 d6 10.Nbc3 a5 11.O-O O-O 12.h3 Na6 13.g4 Ne8 14.f4 f5 15.fxe5 Qxe5
16.g5 Nc5 17.Rf4 h6 18.gxh6 g5 19.Rf2 Rf6 20.h4 Rxh6 21.hxg5 Qh2+ 22.Kf1 Rh5
23.Nd4 Qg3 24.Nce2 Qg4 25.Bf3 Qh3+ 26.Rg2 Ne4 27.Bxe4 fxe4 28.Nf4 Qh1+ 29.Ke2 Bg4+
30.Rxg4 Rh2+ 31.Rg2 Rxg2+ 32.Nxg2 Qxg2+ 33.Kd1 Qf1+ 34.Qe1 Qd3+ 35.Qd2 Qf1+
36.Qe1 Qd3+ 37.Qd2  1/2-1/2

[Event "6th Paleochora Open"]
[Site "Paleochora GRE"]
[Date "2013.07.21"]
[Round "4.4"]
[White "Antic,De"]
[Black "Kharitonov,Alexandr"]
[Result "1/2-1/2"]
[WhiteElo "2470"]
[BlackElo "2538"]

1.d4 Nf6 2.c4 e6 3.g3 Bb4+ 4.Bd2 a5 5.Bg2 O-O 6.Nf3 b6 7.O-O Bb7 8.Bf4 Be7
9.Qc2 Be4 10.Qd2 Na6 11.Nc3 Bb4 12.Bg5 Bxc3 13.bxc3 h6 14.Bh4 Kh8 15.Bxf6 Qxf6
16.Ne5 Bxg2 17.Kxg2 Qe7 18.e4 d6 19.Nd3 Qd7 20.Qe2 Qc6 21.Nf4 Rae8 22.f3 Kg8  1/2-1/2

[Event "6th Paleochora Open"]
[Site "Paleochora GRE"]
[Date "2013.07.22"]
[Round "5.24"]
[White "Hnaras,F"]
[Black "Raguz,Dari"]
[Result "1-0"]
[WhiteElo "1875"]
[BlackElo "2169"]

1.d4 Nf6 2.c4 e6 3.g3 Bb4+ 4.Bd2 Qe7 5.Nf3 O-O 6.Bg2 Nc6 7.O-O Bxd2 8.Qxd2 d6
9.Nc3 e5 10.Nd5 Nxd5 11.cxd5 Nb8 12.dxe5 dxe5 13.e4 Rd8 14.Qc3 f6 15.Rfd1 Na6
16.Rac1 Qb4 17.Qxb4 Nxb4 18.a3 Na6 19.Bf1 b6 20.b4 Kf8 21.Rd2 Nb8 22.Rxc7 a5
23.Rdc2 Bg4 24.Kg2 axb4 25.axb4 Ra4 26.Rb2 Na6 27.Bxa6 Rxa6 28.Nd2 Bd7 29.b5 Raa8
30.Nc4 Rab8 31.f4 exf4 32.gxf4 h5 33.e5 Bf5 34.Nd6 fxe5 35.Nxf5 Rxd5 36.fxe5 Rxe5
37.Rf2 Kg8 38.Rxg7+ Kh8 39.Rg5 Rg8 40.Rxg8+ Kxg8 41.Nd4 Kg7 42.Rf5 Re4 43.Nc6 Kg6
44.Rd5 Re2+ 45.Kg3 Rb2 46.Nd4 Kf6 47.Rxh5  1-0

[Event "Open Desko Liberec 2013"]
[Site "Liberec CZE"]
[Date "2013.07.24"]
[Round "6.1"]
[White "Taborsky,R"]
[Black "Vltavsky,V"]
[Result "1-0"]
[WhiteElo "2262"]
[BlackElo "2221"]

1.d4 Nf6 2.c4 e6 3.g3 Bb4+ 4.Bd2 Qe7 5.Nf3 Bxd2+ 6.Qxd2 d6 7.Nc3 O-O 8.Bg2 e5
9.O-O Re8 10.e4 Bg4 11.Ne1 Nc6 12.Nc2 exd4 13.Nxd4 Nxd4 14.Qxd4 Qe5 15.Qd2 Qh5
16.f3 Bh3 17.Rac1 Qc5+ 18.Qf2 Qxf2+ 19.Rxf2 Bxg2 20.Kxg2 Rad8 21.g4 h6 22.h4 c6
23.Rd2 Kf8 24.Kg3 Ke7 25.Ne2 g6 26.Rcd1 h5 27.g5 Nh7 28.f4 f6 29.c5 dxc5
30.Rxd8 Rxd8 31.Rxd8 Kxd8 32.f5 fxg5 33.fxg6 gxh4+ 34.Kxh4 Nf6 35.e5 Ne8
36.Kxh5 Ke7 37.Nf4 c4 38.Kh6 b5 39.g7 Nxg7 40.Kxg7 b4 41.Kg6 a5 42.Kf5 a4
43.Ne2 c5 44.a3 c3 45.Nxc3  1-0

[Event "III Brazil Maringa Open"]
[Site "Maringa BRA"]
[Date "2013.07.25"]
[Round "3.14"]
[White "Chaves,Jor"]
[Black "Lebredo Zaragoitia,G"]
[Result "0-1"]
[WhiteElo "2010"]
[BlackElo "2209"]

1.d4 Nf6 2.c4 e6 3.g3 Bb4+ 4.Bd2 Bxd2+ 5.Nxd2 d5 6.Ngf3 O-O 7.Bg2 Qe7 8.a3 Rd8
9.O-O dxc4 10.Qc2 Nc6 11.e3 e5 12.Nxe5 Nxe5 13.dxe5 Qxe5 14.Nxc4 Qh5 15.f4 Bh3
16.Bf3 Bg4 17.Ne5 Bxf3 18.Rxf3 Nd7 19.g4 Qh4 20.Raf1 Nxe5 21.fxe5 Qxg4+ 22.Rg3 Qd7
23.Qg2 g6 24.Rgf3 Rf8 25.Qg5 Rae8 26.Qh6 Rxe5 27.Rh3 Rg5+ 28.Qxg5 Qxh3 29.Qf4 Qe6
30.Qxc7 Qxe3+ 31.Rf2 b5 32.Qd7 h5 33.b4 a6 34.Qc7 Re8 35.h3 Qg5+ 36.Rg2 Qe3+  0-1

[Event "5th Rethymno Open"]
[Site "Rethymno GRE"]
[Date "2013.07.28"]
[Round "1.24"]
[White "Sturt,R"]
[Black "Fidrilakis,Stavros"]
[Result "1-0"]
[WhiteElo "2308"]
[BlackElo "1519"]

1.d4 Nf6 2.c4 e6 3.g3 Bb4+ 4.Bd2 Qe7 5.Nc3 Nc6 6.Nf3 O-O 7.Bg2 d6 8.O-O e5
9.dxe5 dxe5 10.Nd5 Nxd5 11.cxd5 Nd4 12.Nxd4 exd4 13.Bxb4 Qxb4 14.Qc2 Bg4
15.h3 Bh5 16.Be4 Bg6 17.Bxg6 hxg6 18.Rfd1 Rad8 19.b3 Rxd5 20.Qxc7 Re8 21.Rac1 Rde5
22.Rc4 Qb6 23.Qxb6 axb6 24.Rcxd4 Rxe2 25.a4 Kf8 26.Rd7 R2e7 27.R1d6 f6 28.Rxe7 Rxe7
29.Rxb6 Ke8 30.h4 Kd8 31.Rb4 Ke8 32.Kg2 Rc7 33.Kf3 Ke7 34.Ke3 Ke6 35.Kd3 Ke5
36.Rb5+ Kd6 37.Rb4 Ke5 38.Rc4 Rd7+ 39.Kc3 Rd1 40.Kb4 Rd7 41.Rg4 Kf5 42.Rf4+ Ke5
43.Kc5 g5 44.hxg5 fxg5 45.Rf8 Ke4 46.b4 Rc7+ 47.Kb6 Rc4 48.Kb5 Rd4 49.Rf7 Rd5+
50.Kb6 Rd4 51.Ka5 Rd2 52.b5 g4 53.Kb6 g5 54.a5 Rb2 55.Rxb7 Rxf2 56.a6 Kf3
57.Rf7+ Kxg3 58.Rxf2 Kxf2 59.a7  1-0

[Event "9th Tabor Open 2013"]
[Site "Tabor CZE"]
[Date "2013.07.28"]
[Round "1.11"]
[White "Barrish,Daniel"]
[Black "Ganaus,H"]
[Result "0-1"]
[WhiteElo "1824"]
[BlackElo "2257"]

1.d4 Nf6 2.c4 e6 3.g3 Bb4+ 4.Bd2 a5 5.Bg2 O-O 6.Nf3 d6 7.O-O Bxd2 8.Nbxd2 Qe7
9.e4 e5 10.Re1 Nc6 11.d5 Nb8 12.b3 Na6 13.a3 Bd7 14.Rb1 c6 15.dxc6 bxc6 16.Qc2 c5
17.Nf1 Nb8 18.Ne3 Nc6 19.Nd5 Qd8 20.Qd3 Bg4 21.Nd2 Rb8 22.h3 Bd7 23.Nf3 Nd4
24.Nxd4 cxd4 25.Nxf6+ Qxf6 26.b4 axb4 27.axb4 Rfc8 28.Rec1 Qh6 29.h4 Rxb4
30.Rxb4 Qxc1+ 31.Kh2 Qc3 32.Qb1 g6 33.Bf1 Kg7 34.Rb3 Qa5 35.Rb6 Qc5 36.Rb7 Bc6
37.Rb2 Ra8 38.Qd3 Ra3 39.Rb3 Ra1  0-1

[Event "Sparkassen Open A 2013"]
[Site "Dortmund GER"]
[Date "2013.07.31"]
[Round "5.24"]
[White "Hellwig,Th"]
[Black "Bausch,T"]
[Result "1/2-1/2"]
[WhiteElo "2046"]
[BlackElo "1969"]

1.d4 Nf6 2.c4 e6 3.g3 Bb4+ 4.Bd2 Qe7 5.Nf3 Nc6 6.Nc3 O-O 7.Bg2 d6 8.O-O e5
9.Nd5 Nxd5 10.cxd5 Bxd2 11.Qxd2 Nxd4 12.Nxd4 exd4 13.Rac1 Bf5 14.Qxd4 Rfe8
15.e4 Bd7 16.Rc3 Qe5 17.Qxe5 dxe5 18.Rfc1 c6 19.dxc6 Bxc6 20.f4 Rad8 21.fxe5 Rd2
22.R3c2 Red8 23.Bh3 Rxc2 24.Rxc2 Bxe4 25.Re2  1/2-1/2

[Event "9th Gazi 2013"]
[Site "Gazi GRE"]
[Date "2013.07.31"]
[Round "6"]
[White "Fragiadakis,E"]
[Black "Vitsaxakis,Nikolaos"]
[Result "1/2-1/2"]
[WhiteElo "1938"]
[BlackElo "1488"]

1.d4 Nf6 2.c4 e6 3.g3 Bb4+ 4.Nd2 O-O 5.Bg2 d5 6.a3 Bxd2+ 7.Qxd2 Nc6 8.c5 e5
9.dxe5 Nxe5 10.Qd4 Re8 11.Nf3 Nxf3+ 12.Bxf3 c6 13.Bg5 Bf5 14.Bxf6 Qxf6 15.Qxf6 gxf6
16.O-O a5 17.b4 axb4 18.axb4 Rxa1 19.Rxa1 Be4 20.Bg4 Bg6 21.Bf3 Be4 22.Kg2 Bxf3+
23.Kxf3 Re4 24.Rb1 Kf8 25.e3 Ke7 26.Ke2 Kd7 27.Kd3 Rc4 28.f3 f5 29.Kd2 Kc7
30.Rb3 b6 31.cxb6+ Kxb6 32.Rb2 h5 33.Kd3 f6 34.Rb1 Kb5 35.Ra1 Rxb4 36.Ra8 c5
37.Rd8 Rb3+ 38.Kd2 Kc4 39.Rd6 Rb2+ 40.Ke1 Rxh2 41.Rxf6 Rg2 42.Rxf5 Rxg3 43.Kf2 Rh3
44.Kg2 Rh4 45.Kg3 Rh1 46.Kg2 Rd1 47.Rxh5 Kb3 48.e4 c4 49.Rxd5 Rd3 50.Kf2 Rxd5
51.exd5 c3 52.d6 c2 53.d7 c1=Q 54.d8=Q Qc5+ 55.Kg2 Qc2+ 56.Kg3 Qg6+ 57.Kf4 Kb4
58.Qg5 Qc6 59.Qe7+ Kb5 60.Kg4 Qc4+ 61.f4 Kc6 62.Kf5 Qf1 63.Qf6+ Kd7 64.Kg6 Qg2+
65.Kf7 Qd5+ 66.Kf8 Qa8+ 67.Kg7 Qg2+ 68.Qg6 Qb2+ 69.Kh7 Qh2+ 70.Qh6 Qc2+ 71.Kg7 Qb2+
72.Qf6 Qg2+ 73.Kh8 Qa8+ 74.Kh7 Qh1+ 75.Kg8 Qa8+ 76.Qf8 Qxf8+ 77.Kxf8  1/2-1/2

[Event "9th Ribeira Valley Open 2013"]
[Site "Registro BRA"]
[Date "2013.07.31"]
[Round "4.2"]
[White "Fernandez,Dani"]
[Black "Bachmann,Ax"]
[Result "1/2-1/2"]
[WhiteElo "2405"]
[BlackElo "2536"]

1.d4 Nf6 2.c4 e6 3.g3 Bb4+ 4.Bd2 a5 5.Nf3 d6 6.Bg2 Nbd7 7.O-O e5 8.Nc3 O-O
9.a3 Bxc3 10.Bxc3 e4 11.Nd2 Qe7 12.e3 Re8 13.b4 a4 14.d5 b5 15.cxb5 Bb7 16.Nc4 Bxd5
17.Na5 Ne5 18.Bxe5 Qxe5 19.Rc1 Be6 20.Rxc7 Qxb5 21.Qxd6 Nd5 22.Rb7 Qd3 23.Nc6 Qxa3
24.Bxe4 Nxe3 25.Re1 Nc4 26.Qd1 Qc3 27.Bxh7+ Kxh7 28.Qh5+ Kg8 29.Rxe6 fxe6
30.Qf7+ Kh8 31.Qh5+ Kg8 32.Qf7+  1/2-1/2

[Event "Politiken Cup 2013"]
[Site "Helsingor DEN"]
[Date "2013.08.01"]
[Round "7.36"]
[White "Skjoldager,M"]
[Black "Nilsen,Jo"]
[Result "0-1"]
[WhiteElo "2088"]
[BlackElo "2259"]

1.d4 Nf6 2.c4 e6 3.g3 Bb4+ 4.Bd2 Qe7 5.Nf3 Nc6 6.Nc3 Bxc3 7.Bxc3 Ne4 8.Rc1 O-O
9.Bg2 d6 10.d5 Nxc3 11.Rxc3 Nb8 12.dxe6 fxe6 13.Nd4 Kh8 14.O-O Nd7 15.Qd2 a5
16.Nb5 Nb6 17.b3 Qd8 18.Rd1 Nd7 19.a3 Ne5 20.f4 Nf7 21.c5 d5 22.e4 c6 23.Nd4 e5
24.fxe5 dxe4 25.e6 Ng5 26.Qc2 Qf6 27.Re3 Bxe6 28.Nxe6 Qxe6 29.Rd6 Qe5 30.Rd7 Rad8
31.Qf2 Qa1+ 32.Re1 Qxe1+ 33.Qxe1 Rxd7 34.h4 Nf3+ 35.Bxf3 exf3 36.Kf2 h6 37.Qe3 Rdd8
38.g4 Rde8 39.Qd3 Re2+ 40.Kf1 Ree8 41.Kf2 Rd8 42.Qc3 Rd5 43.g5 hxg5 44.h5 g4
45.h6 Rg5 46.hxg7+ Rxg7 47.Qe5 g3+ 48.Ke3 g2  0-1

[Event "Sparkassen Open A 2013"]
[Site "Dortmund GER"]
[Date "2013.08.02"]
[Round "7.28"]
[White "Hellwig,Th"]
[Black "Schuetzhold,F"]
[Result "1-0"]
[WhiteElo "2046"]
[BlackElo "1886"]

1.d4 Nf6 2.c4 e6 3.g3 Bb4+ 4.Bd2 Bxd2+ 5.Qxd2 d5 6.Nf3 b6 7.cxd5 exd5 8.Bg2 O-O
9.O-O Ne4 10.Qc2 Bb7 11.Nc3 Nxc3 12.bxc3 Nd7 13.Rfd1 Re8 14.e3 Rc8 15.c4 c6
16.Rac1 b5 17.cxd5 cxd5 18.Qb3 Rxc1 19.Rxc1 Qb6 20.Bh3 Nf6 21.Ne5 Rd8 22.Bg2 Ne8
23.Rc5 Nc7 24.a4 f6 25.Nd3 Rd7 26.axb5 a6 27.Bh3 Re7 28.Qb4 axb5 29.Bf1 Kf7
30.Nf4 Bc6 31.Qb1 g6 32.Bg2 Rd7 33.Qb3 Qb7 34.h4 Rd6 35.h5 Ne6 36.hxg6+ hxg6
37.Nxe6 Kxe6 38.e4 b4 39.exd5+ Bxd5 40.Qe3+ Kf7 41.Bxd5+ Rxd5 42.Qh6 Rh5
43.Rxh5 gxh5  1-0

[Event "5th Rethymno Open"]
[Site "Rethymno GRE"]
[Date "2013.08.02"]
[Round "7.18"]
[White "Krishna,CRG"]
[Black "Segerberg,T"]
[Result "1-0"]
[WhiteElo "2339"]
[BlackElo "1996"]

1.d4 e6 2.c4 Nf6 3.g3 Bb4+ 4.Bd2 Qe7 5.Bg2 Bxd2+ 6.Qxd2 O-O 7.Nc3 d6 8.Nf3 Re8
9.O-O e5 10.e4 a5 11.Rfe1 c6 12.h3 Qc7 13.Rac1 Na6 14.Kh2 Bd7 15.Rcd1 Rad8
16.Qc1 Qb8 17.Rd2 Nb4 18.Qd1 Na6 19.Re3 b5 20.cxb5 cxb5 21.dxe5 dxe5 22.Nd5 Nc5
23.Nxf6+ gxf6 24.Rc3 Nxe4 25.Rxd7 Nxc3 26.bxc3 Qc8 27.Rxd8 Rxd8 28.Qc1 Qc5
29.Qc2 b4 30.c4 Rc8 31.Qf5 e4 32.Qxe4 Qxc4 33.Qf5 Qc5 34.Qxf6 Qxf2 35.Qg5+ Kf8
36.Qxa5 Qc5 37.Qa6 Rc6 38.Qd3 h6 39.Ne5 Qxe5 40.Bxc6 Qb2+ 41.Bg2 Qxa2 42.Qd6+ Kg7
43.Qxb4 Qa1 44.Qd2 Qe5 45.Qf4 Qb2 46.h4 Qb6 47.Bd5 Qg6 48.Kh3 Kf8 49.Qe5 Kg8
50.h5 Qh7 51.Qe8+  1-0

[Event "9th Tabor Open 2013"]
[Site "Tabor CZE"]
[Date "2013.08.02"]
[Round "7.1"]
[White "Hausner,I"]
[Black "Plischki,S"]
[Result "1/2-1/2"]
[WhiteElo "2387"]
[BlackElo "2413"]

1.d4 Nf6 2.c4 e6 3.g3 Bb4+ 4.Bd2 Qe7 5.Nf3 Nc6 6.Nc3 Bxc3 7.Bxc3 Ne4 8.Rc1 d6
9.Bg2 O-O 10.O-O Nxc3 11.Rxc3 e5 12.d5  1/2-1/2

[Event "FSIM August 2013"]
[Site "Budapest HUN"]
[Date "2013.08.03"]
[Round "1.5"]
[White "Korley,K"]
[Black "Kantor,G"]
[Result "1/2-1/2"]
[WhiteElo "2277"]
[BlackElo "2371"]

1.d4 Nf6 2.c4 e6 3.g3 Bb4+ 4.Nd2 c5 5.a3 Bxd2+ 6.Qxd2 cxd4 7.Nf3 b6 8.Bg2 Bb7
9.Qxd4 O-O 10.O-O Nc6 11.Qh4 Rc8 12.b4 Ne7 13.Bb2 Nf5 14.Qf4 Qc7 15.Rac1 Qxf4
16.gxf4 Rc7 17.Nd4 Bxg2 18.Kxg2 Nd6 19.c5 bxc5 20.bxc5 Nde4 21.f3 Nxc5 22.Nb5 Rc6
23.Nxa7 Ra6 24.Bxf6 gxf6 25.Nb5 Rc6 26.Nd4 Rcc8 27.Kf2 Rfd8 28.Rc2 d6 29.Rfc1 Kf8
30.Nb3 Ra8 31.Nxc5 dxc5 32.Rxc5 Rxa3 33.Rh5 Kg7 34.Rg1+ Kh8 35.Rc5 Rg8 36.Rd1 Ra7
37.f5 exf5 38.Rxf5 Rg6 39.h4 Kg7 40.Rd6 Re7 41.h5 Rg5 42.h6+ Kxh6 43.Rdxf6+ Kh5
44.Rxf7 Rxf7 45.Rxf7 Kg6 46.Ra7 Rb5 47.e4 h5 48.Kg3 Rb3 49.Kf4 Rb6 50.Ra8 Rf6+
51.Ke3 Rb6 52.Rg8+ Kf6 53.Kf4 Rb3 54.Rc8 Rb6 55.e5+ Ke6 56.Re8+ Kf7 57.Rh8 Kg6
58.Rg8+ Kf7 59.Rg1 h4 60.Kf5 h3 61.Rh1 Rh6 62.f4 h2 63.Kg4 Ke6 64.Kg3 Rg6+
65.Kf3 Rh6 66.Kg3 Rg6+ 67.Kxh2 Kf5 68.Rf1 Rg4 69.Rf2 Rg6 70.Rg2 Ra6 71.Rf2 Rg6
72.Kh3 Rg8 73.Rg2 Ra8 74.Rf2 Rg8 75.Kh4 Rg7 76.Kh3 Rg6 77.Rf3 Rg8 78.Kh4 Rg7
79.Rf2 Rg8 80.Rf1 Rg7 81.Kh3  1/2-1/2

[Event "HZ Open 2013"]
[Site "Vlissingen NED"]
[Date "2013.08.09"]
[Round "8.6"]
[White "Harika,D"]
[Black "Ernst,S"]
[Result "0-1"]
[WhiteElo "2479"]
[BlackElo "2560"]

1.d4 Nf6 2.c4 e6 3.g3 Bb4+ 4.Bd2 Qe7 5.Nf3 Nc6 6.Nc3 O-O 7.Bg2 Na5 8.c5 b6
9.a3 Bxc3 10.Bxc3 Bb7 11.O-O Rfb8 12.Rc1 Bd5 13.Nd2 Bxg2 14.Kxg2 Nc6 15.cxb6 axb6
16.e4 b5 17.Qf3 b4 18.axb4 Nxb4 19.d5 Ne8 20.Nc4 Na2 21.Rcd1 Ra4 22.Qd3 Nxc3
23.bxc3 Qc5 24.Ne3 e5 25.Ra1 Rxa1 26.Rxa1 Nd6 27.Nf5 Nxf5 28.exf5 f6 29.Ra2 h6
30.c4 Kh7 31.Qe4 Rb4 32.Rc2 Kg8 33.Qe3 Qa5 34.Qe2 Qa6 35.Qh5 Kf8 36.Qe2 Qb7
37.Qe3 Kf7 38.Qf3 Ra4 39.Qh5+ Kf8 40.Qd1 Qb3 41.Qe2 Rb4 42.Rc1 Qa3 43.Rc2 Qb3
44.Rc1 Kg8 45.Qh5 Rb8 46.Qe2 Qb2 47.Qd1 e4 48.Rc2 Qe5 49.Qg4 Qd4 50.Qf4 Qd3
51.Rc1 Rb4 52.Ra1 h5 53.d6 cxd6 54.Rc1 Rxc4 55.Rxc4 Qxc4 56.Qxd6 Qb5 57.Qf4 Qe5
58.f3 Qxf4 59.gxf4 e3  0-1

[Event "28th Metropolitan GM"]
[Site "Los Angeles USA"]
[Date "2013.08.15"]
[Round "4"]
[White "Moradiabadi,E"]
[Black "Yang,Dar"]
[Result "1-0"]
[WhiteElo "2547"]
[BlackElo "2480"]

1.d4 Nf6 2.c4 e6 3.g3 Bb4+ 4.Nc3 c5 5.Nf3 cxd4 6.Nxd4 Ne4 7.Qd3 Qa5 8.Nb3 Qf5
9.Qe3 Nc6 10.Bg2 Nc5 11.O-O Nxb3 12.axb3 O-O 13.Be4 Qh5 14.Rd1 Ne5 15.Qg5 Qxg5
16.Bxg5 a5 17.Na4 Ra6 18.Be3 d6 19.Nb6 Nc6 20.f4 g6 21.Kf2 f5 22.Bf3 Kf7
23.Kg2 Ke7 24.Bf2 Kd8 25.Na4 Bd7 26.e4 Kc7 27.c5 dxc5 28.Nxc5 Bxc5 29.Bxc5 Re8
30.e5 Kc8 31.Rd6 h6 32.b4  1-0